| 000 | 00798cam a2200265 i 4500 | ||
|---|---|---|---|
| 001 | 18694 | ||
| 003 | BD-RjUL | ||
| 005 | 20211209000324.0 | ||
| 008 | 140222s1978 enk b 001 0 eng | ||
| 020 | _a0710089902 : | ||
| 035 | _a(BD-RjUL)18752 | ||
| 040 |
_aDLC _cDLC _dDLC _dBD-RjUL _beng |
||
| 041 | _aeng | ||
| 082 | 0 | 0 |
_a821.5 _bFRA 1978 |
| 100 | 1 |
_aFraser, G. S. _q(George Sutherland), _d1915- _952113 |
|
| 245 | 0 | 0 |
_aAlexander Pope / _cby George S. Fraser. |
| 260 |
_aLondon ; _aBoston : _bRoutledge and Paul, _c1978. |
||
| 300 |
_ax, 134 p. ; _c22 cm. |
||
| 504 | _aBibliography: p. 124-128 and index. | ||
| 600 | 1 | 0 |
_aPope, Alexander, _d1688-1744. _955318 |
| 650 | 0 |
_aPoets, English _y18th century _xBiography. _957589 |
|
| 942 |
_2ddc _cBK |
||
| 999 |
_c18694 _d18694 |
||